The speed of trust : (Record no. 364)

MARC details
000 -LEADER
fixed length control field 02677cam a2200445 a 4500
005 - DATE AND TIME OF LATEST TRANSACTION
control field 20260322212017.0
008 - FIXED-LENGTH DATA ELEMENTS--GENERAL INFORMATION
fixed length control field data
010 ## - LIBRARY OF CONGRESS CONTROL NUMBER
LC control number 2006050131
013 ## - PATENT CONTROL INFORMATION
Number ***DO NOT UPDATE BIB, AT LTI GAP (UPDATES WILL BE LOST)***
020 ## - INTERNATIONAL STANDARD BOOK NUMBER
International Standard Book Number 074329730X
020 ## - INTERNATIONAL STANDARD BOOK NUMBER
International Standard Book Number 9780743297301
020 ## - INTERNATIONAL STANDARD BOOK NUMBER
International Standard Book Number 9781416549000
029 1# - OTHER SYSTEM CONTROL NUMBER (OCLC)
OCLC library identifier YDXCP
System control number 2423382
029 1# - OTHER SYSTEM CONTROL NUMBER (OCLC)
OCLC library identifier NLGGC
System control number 299104389
029 1# - OTHER SYSTEM CONTROL NUMBER (OCLC)
OCLC library identifier NZ1
System control number 10984728
040 ## - CATALOGING SOURCE
Original cataloging agency DLC
Transcribing agency DLC
Modifying agency DNF
-- BAKER
-- VPL
-- BUR
-- VP@
-- YDXCP
-- P#O
-- BTCTA
-- DNF
049 ## - LOCAL HOLDINGS (OCLC)
Holding library JHEE
-- JHEE
050 00 - LIBRARY OF CONGRESS CALL NUMBER
Classification number HF5387
Item number .C677 2006
-- PIMC
-- PIMC
082 00 - DEWEY DECIMAL CLASSIFICATION NUMBER
Classification number 174/.4
Edition information 22
092 ## - LOCALLY ASSIGNED DEWEY CALL NUMBER (OCLC)
Classification number 174.4 C677 2018
001 - CONTROL NUMBER
control field data
100 1# - MAIN ENTRY--PERSONAL NAME
Personal name Covey, Stephen M. R.
245 14 - TITLE STATEMENT
Title The speed of trust :
Remainder of title the one thing that changes everything /
Statement of responsibility, etc. Stephen M. R. Covey & Rebecca R. Merrill.
250 ## - EDITION STATEMENT
Edition statement This Free Press Edition
260 ## - PUBLICATION, DISTRIBUTION, ETC.
Place of publication, distribution, etc. New York :
Name of publisher, distributor, etc. Free Press,
Date of publication, distribution, etc. 2018
300 ## - PHYSICAL DESCRIPTION
Extent xxvi, 354 p. :
Other physical details ill. ;
Dimensions 24 cm.
504 ## - BIBLIOGRAPHY, ETC. NOTE
Bibliography, etc. note Includes bibliographical references (p. [325]-337) and index.
505 0# - FORMATTED CONTENTS NOTE
Formatted contents note Acknowledgments -- Foreword / Stephen R. Covey -- The one thing that changes everything -- The first wave--self trust -- The second wave--relationship trust -- The third, fourth, and fifth waves--stakeholder trust -- Inspiring trust -- Notes and references -- Index.
520 ## - SUMMARY, ETC.
Summary, etc. This book challenges our age-old assumption that trust is merely a soft, social virtue, and instead demonstrates that it is a hard-edged, economic driver--a learnable and measurable skill that makes organizations more profitable, people more promotable, and relationships more energizing. CEO Covey informs readers how to inspire lasting trust in their personal and professional relationships, and in so doing to create unparalleled success and sustainable prosperity in every dimension of life. He shows business, government, and education leaders how to quickly and permanently gain the trust of their clients, coworkers, partners, and constituents. Like a ripple in the pond, trust begins within each of us personally, continues into our relationships, expands into our organizations, extends into our marketplace relationships, and ultimately encompasses our global society. Covey presents a road map to establish trust on every level, build character and competence, enhance credibility, and create leadership that inspires confidence.--From publisher description.
650 #0 - SUBJECT ADDED ENTRY--TOPICAL TERM
Topical term or geographic name entry element Business ethics.
650 #0 - SUBJECT ADDED ENTRY--TOPICAL TERM
Topical term or geographic name entry element Success in business.
650 #2 - SUBJECT ADDED ENTRY--TOPICAL TERM
Topical term or geographic name entry element Ethics, Business.
650 #2 - SUBJECT ADDED ENTRY--TOPICAL TERM
Topical term or geographic name entry element Trust.
650 #2 - SUBJECT ADDED ENTRY--TOPICAL TERM
Topical term or geographic name entry element Interprofessional Relations.
650 #2 - SUBJECT ADDED ENTRY--TOPICAL TERM
Topical term or geographic name entry element Commerce.
650 ## - SUBJECT ADDED ENTRY--TOPICAL TERM
Topical term or geographic name entry element Shared governance
700 1# - ADDED ENTRY--PERSONAL NAME
Personal name Merrill, Rebecca R.
910 ## - USER-OPTION DATA (OCLC)
User-option data 2725288
-- Horizon bib#
994 ## -
-- C0
-- JHA
Holdings
Withdrawn status Lost status Damaged status Not for loan Home library Current library Shelving location Date acquired Total checkouts Full call number Barcode Date last seen Price effective from Koha item type
        Franklin Franklin General stacks 22/03/2026   174/.4 22 BC0010374 22/03/2026 22/03/2026 Books